000 00635nam a2200229Ia 4500
003 OSt
005 20220925230914.0
006 a|||||r|||| 00| 0
007 ta
008 220923b |||||||| |||| 00| 0 eng d
037 _cGeneral Book
040 _aRTL
_cRTL
_beng
041 _2eng
_aeng
082 _aX:89Kb4, L7
100 _aFaden Arnold M
_9294548
245 0 _aEconomic of space and time
_b The measure - theoret
260 _aLowa
_bLowa
_c1977
300 _axiii,703p
_ccm.
650 _aManagement Location
942 _hX:89Kb4, L7
_cGB
_2CC
999 _c586815
_d586815